000
00275nam a2200121 a 4500
001
4140
005
20140414131853.0
008
090218s19uu xx 00 eng d
050
_a
M 741.6
_b
B87 1990
100
_a
Bulloch, Ivan
245
_a
Hands on design.
999
_c
110311
_d
110311